Mixed Word: Mystery Country II Quiz Stats

 Plays Quiz Updated Mar 6, 2013

     
Support Sporcle.
Go Orange.
Score 0/18 Timer 05:00
0 Plays Today
Jumbled... ...Country % Correct
AAADNCCanada
97.9%
REUPPeru
96.9%
NARIIran
89%
MOANOman
85.9%
YAWNORNorway
78.2%
VAILBIOBolivia
74%
KRADMENDenmark
71.3%
DIAMCOBACambodia
71.1%
SAIRUSRussia
67.3%
Jumbled... ...Country % Correct
WAILMAMalawi
63.8%
BANSTIKUZEUzbekistan
63.6%
DICENALIceland
62.5%
PIEAOTHIEthiopia
61.4%
LAREISIsrael
60%
RUNAUNauru
52.9%
SOLEHOTLesotho
48.5%
RAILAGEAlgeria
36.2%
Un-jumble the first letter of each country to find the mystery country!!!DOMINICAN REPUBLIC
16.1%

From the Vault

North American Language Blitz

by Flick

Ah yes, our favorite language. North American.
Remove Ads.
Support Sporcle.
Get the best of Sporcle when you Go Orange. This ad-free experience offers more features, more stats, and more fun while also helping to support Sporcle. Thank you for becoming a member.

Show Comments

Extras

Top Quizzes Today


Score Distribution

Your Account Isn't Verified!

In order to create a playlist on Sporcle, you need to verify the email address you used during registration. Go to your Sporcle Settings to finish the process.

Report this User

Report this user for behavior that violates our Community Guidelines.

Details: